Kpop group with 5 members - Statistics

General Stats
  • This quiz has been taken 280 times
  • The average score is 16 of 30
Answer Stats
Hint Answer % Correct
Red Velvet Irene
94%
Red Velvet Seulgi
93%
Red Velvet Wendy
92%
Red Velvet Joy
91%
BIGBANG G-Dragon
88%
Red Velvet Yeri
85%
SHINee Taemin
84%
SHINee Jonghyun
78%
SHINee Key
78%
SHINee Minho
76%
SHINee Onew
76%
BIGBANG T.O.P
75%
BIGBANG Taeyang
67%
BIGBANG Seungri
61%
BIGBANG Daesung
60%
EXID Hani
50%
DAY6 Jae
45%
DAY6 Wonpil
42%
ACE Jun
39%
DAY6 Young K
39%
EXID Le
35%
EXID Solji
31%
DAY6 Dowoon
27%
ACE Chan
25%
DAY6 Sungjin
24%
ACE Wow
21%
EXID Hyerin
16%
EXID Junghwa
16%
ACE Donghun
15%
ACE Jason
8%
No matching quizzes found
Score Distribution
Percent of People with Each Score
Percentile by Number Answered
Your Score History
You have not taken this quiz